[Event "1.Spand. W-Open 2015"]
[Site "Berlin"]
[Date "2015.12.29"]
[Round "6.2"]
[White "Ackermann, Hans Werner"]
[Black "Bachmann, Volker"]
[Result "1-0"]
[WhiteElo "2305"]
[BlackElo "2095"]
[PlyCount "81"]
[EventDate "2015.??.??"]
[WhiteTeam "SSC Rostock 07"]
[BlackTeam "SC Empor Potsdam 1952 e.V."]

1. Nf3 f5 2. b3 Nf6 3. Bb2 d6 4. d4 g6 5. e3 Bg7 6. Nbd2 O-O 7. Bd3 Qe8 8. O-O
h6 9. c4 Nh5 10. Be2 e5 11. dxe5 dxe5 12. Rb1 c5 13. Ne1 Nc6 14. Nd3 b6 15. a3
Bb7 16. b4 cxb4 17. axb4 Rd8 18. b5 Na5 19. Bc3 e4 20. Bxa5 bxa5 21. Nc5 Ba8
22. Qc2 Qe7 23. Na6 f4 24. c5 f3 25. Bc4+ Kh8 26. g3 Bd5 27. Bxd5 Rxd5 28. Qxe4
Re5 29. Qg4 Rg5 30. Qh3 Rd5 31. Nb3 Nf6 32. Nd4 Nd7 33. c6 Nb6 34. Rfd1 Kh7 35.
Ne6 Rh5 36. Nxf8+ Qxf8 37. Qf1 Be5 38. c7 Qe7 39. Rbc1 Nc8 40. Rd8 Qe6 41. Qc4
1-0

[Event "1.Spand. W-Open 2015"]
[Site "Berlin"]
[Date "2015.12.27"]
[Round "2.6"]
[White "Ackermann, Hans Werner"]
[Black "Leyrer, Thomas"]
[Result "1-0"]
[WhiteElo "2305"]
[BlackElo "1868"]
[PlyCount "75"]
[EventDate "2015.??.??"]
[WhiteTeam "SSC Rostock 07"]
[BlackTeam "SV Königsjäger Süd-West e.V."]

1. Nf3 d5 2. b3 Nf6 3. Bb2 e6 4. c4 c5 5. e3 Nc6 6. Be2 Be7 7. O-O O-O 8. cxd5
Nxd5 9. a3 Bf6 10. d4 cxd4 11. Nxd4 Nxd4 12. Bxd4 b6 13. Ra2 Bb7 14. Rd2 Qe7
15. Bf3 Rac8 16. e4 Bxd4 17. Rxd4 Nf6 18. e5 Nd5 19. Qd2 b5 20. Rg4 Rfd8 21.
Rg3 Rc7 22. Qh6 f5 23. exf6 Qxf6 24. Qxf6 Nxf6 25. Bxb7 Rxb7 26. Re3 Rbd7 27.
Rxe6 Rd1 28. Nc3 R1d3 29. Nxb5 Rxb3 30. a4 Rd2 31. Nxa7 Nd5 32. g3 Ra3 33. Nc6
Rxa4 34. Rd6 Raa2 35. Rxd5 Rxd5 36. Ne7+ Kf7 37. Nxd5 Ke6 38. Ne3 1-0

[Event "1.Spand. W-Open 2015"]
[Site "Berlin"]
[Date "2015.12.29"]
[Round "4.1"]
[White "Ackermann, Hans Werner"]
[Black "Meister, Jakob"]
[Result "1/2-1/2"]
[WhiteElo "2305"]
[BlackElo "2445"]
[PlyCount "127"]
[EventDate "2015.??.??"]
[WhiteTeam "SSC Rostock 07"]
[BlackTeam "SK Zehlendorf e.V."]

1. Nf3 c5 2. b3 d6 3. Bb2 e5 4. g3 g5 5. d3 g4 6. Nfd2 Nc6 7. c4 h5 8. Nc3 h4
9. Bg2 h3 10. Bxc6+ bxc6 11. e4 Bh6 12. Qe2 Ne7 13. O-O-O Be6 14. Kb1 Qd7 15.
Na4 Nc8 16. Nf1 Nb6 17. Nc3 a5 18. a4 Nc8 19. Ka2 Ne7 20. Rb1 f6 21. Nd1 f5 22.
Bc3 fxe4 23. dxe4 Ng8 24. f4 gxf3 25. Qxf3 Bg4 26. Qd3 Nf6 27. Nf2 O-O 28. Rb2
Ne8 29. Nxg4 Qxg4 30. Bd2 Bxd2 31. Nxd2 Rf2 32. Nf1 Qf3 33. Qxf3 Rxf3 34. Re2
Ng7 35. Nd2 Rf6 36. Nf1 Ne6 37. Ne3 Nd4 38. Rb2 Rf3 39. Re1 Raf8 40. Ng4 Kg7
41. Rd1 Rc3 42. Nf2 Re3 43. Nxh3 Rxe4 44. Nf2 Re3 45. Rdd2 e4 46. Rd1 d5 47.
Ng4 Rc3 48. cxd5 cxd5 49. Ne5 Nc2 50. Kb1 Nb4 51. g4 Re8 52. Nd7 Nd3 53. h4
Nxb2 54. Kxb2 d4 55. g5 e3 56. h5 e2 57. Re1 c4 58. bxc4 Rxc4 59. h6+ Kg6 60.
h7 d3 61. Ne5+ Kxh7 62. Nxc4 Rc8 63. Kc3 Rxc4+ 64. Kxd3 1/2-1/2

[Event "1.Spand. W-Open 2015"]
[Site "Berlin"]
[Date "2015.12.27"]
[Round "1.10"]
[White "Adam, Horst-Dieter"]
[Black "Riedel, Hartmut"]
[Result "0-1"]
[WhiteElo "1626"]
[BlackElo "2177"]
[PlyCount "64"]
[EventDate "2015.??.??"]
[WhiteTeam "BSG 1827 Eckbauer e.V."]
[BlackTeam "SC Zitadelle Spandau 1977 e.V."]

1. d4 Nf6 2. Nf3 g6 3. Bf4 Bg7 4. e3 O-O 5. Be2 d5 6. c4 c5 7. Nc3 cxd4 8. Nxd4
Nc6 9. O-O Nxd4 10. exd4 dxc4 11. Be5 Be6 12. Bf3 Nd5 13. Bxg7 Kxg7 14. Qe2 Kg8
15. Rfe1 Nf4 16. Qd2 Nd3 17. Re2 Qxd4 18. Re4 Qf6 19. Rb1 Rad8 20. Qe3 a6 21.
Be2 b5 22. a3 Rd7 23. Bxd3 Rxd3 24. Qb6 Rfd8 25. Ree1 R3d6 26. Qe3 Bf5 27. Rbc1
e6 28. h3 Rd3 29. Qb6 R8d6 30. Qb7 Rd2 31. Ne4 Bxe4 32. Qxe4 Qxf2+ 0-1

[Event "1.Spand. W-Open 2015"]
[Site "Berlin"]
[Date "2015.12.28"]
[Round "3.3"]
[White "Ahmadinia, Ebrahim"]
[Black "Giese, Reinhard"]
[Result "1-0"]
[WhiteElo "2364"]
[BlackElo "2141"]
[PlyCount "172"]
[EventDate "2015.??.??"]
[WhiteTeam "Iran"]
[BlackTeam "SC Zitadelle Spandau 1977 e.V."]
[WhiteTeamCountry "IRI"]

1. e4 c5 2. c3 Nf6 3. e5 Nd5 4. d4 cxd4 5. Nf3 e6 6. cxd4 d6 7. a3 dxe5 8. dxe5
Be7 9. Bd3 Bd7 10. O-O Bc6 11. Bc2 Nd7 12. Re1 a5 13. Nbd2 Qc7 14. Nf1 Nc5 15.
Nd4 Rd8 16. Qg4 Kd7 17. Nxc6 Qxc6 18. b4 h5 19. Qd4 Na6 20. Ne3 Ke8 21. b5 Qc5
22. Qa4 Nb6 23. Qxa5 Nc7 24. Bb2 Ra8 25. Qd2 Qxb5 26. Reb1 Qd7 27. Qe2 Bc5 28.
Be4 Ra7 29. Rd1 Qe7 30. Nc4 Nbd5 31. a4 Qh4 32. Ba3 Bxa3 33. Rxa3 Ke7 34. Bxd5
Nxd5 35. Ne3 Rd8 36. Qb5 b6 37. Rxd5 Ra5 38. Qxb6 Raxd5 39. Nxd5+ Rxd5 40. Qc7+
Kf8 41. Qc8+ Ke7 42. Qb7+ Rd7 43. Qf3 Qd4 44. g3 Qxe5 45. Kg2 Ra7 46. Rd3 Qc5
47. Qe4 g6 48. Qh4+ g5 49. Qxh5 Qe5 50. Qg4 Ra5 51. h4 gxh4 52. Qxh4+ Qg5 53.
Qb4+ Kf6 54. Rf3+ Kg7 55. Rf4 Qc5 56. Rg4+ Kf8 57. Qxc5+ Rxc5 58. Rf4 Ke7 59.
Rf3 e5 60. Ra3 Ra5 61. Kf3 Ke6 62. Ra1 f5 63. Ke3 Kd5 64. Kd3 Kc5 65. Kc3 Kb6
66. Rb1+ Kc5 67. Re1 e4 68. Ra1 Kb6 69. Kd4 Kc6 70. Ke3 Kd5 71. Kf4 Kd4 72. Ra3
Kc4 73. g4 fxg4 74. Re3 Ra8 75. Rxe4+ Kd5 76. Re5+ Kd6 77. a5 Rg8 78. Rg5 Rf8+
79. Rf5 Rg8 80. a6 Ke6 81. a7 Ra8 82. Ra5 Kf6 83. Kxg4 Rg8+ 84. Kf4 Ra8 85.
Ra6+ Kf7 86. Ke5 Ke7 1-0

[Event "1.Spand. W-Open 2015"]
[Site "Berlin"]
[Date "2015.12.27"]
[Round "1.3"]
[White "Ahmadinia, Ebrahim"]
[Black "Krüger, Michael"]
[Result "1-0"]
[WhiteElo "2364"]
[BlackElo "1696"]
[PlyCount "67"]
[EventDate "2015.??.??"]
[WhiteTeam "Iran"]
[BlackTeam "SV Königsjäger Süd-West e.V."]
[WhiteTeamCountry "IRI"]

1. e4 c5 2. c3 e6 3. d4 d5 4. e5 Nc6 5. Nf3 Qb6 6. a3 Bd7 7. Be2 c4 8. O-O Nh6
9. Nbd2 Na5 10. Re1 Nf5 11. Rb1 Qc7 12. Nf1 Qb6 13. g4 Nh6 14. Bxh6 gxh6 15.
Qd2 Rg8 16. Qf4 O-O-O 17. Ng3 Bg7 18. Nh5 Qc7 19. h3 f5 20. exf6 Qxf4 21. Nxf4
Bxf6 22. Bd1 Rde8 23. Bc2 Rg7 24. Nh5 Rf7 25. Ne5 Bxe5 26. dxe5 Ref8 27. Nf6
Nc6 28. f4 Rh8 29. Rbd1 Rg7 30. Kh2 Rf7 31. Kg3 Be8 32. f5 Bd7 33. Nxd7 Kxd7
34. fxe6+ 1-0

[Event "1.Spand. W-Open 2015"]
[Site "Berlin"]
[Date "2015.12.30"]
[Round "7.3"]
[White "Ahmadinia, Ebrahim"]
[Black "Malek, Daniel"]
[Result "1/2-1/2"]
[WhiteElo "2364"]
[BlackElo "2424"]
[PlyCount "209"]
[EventDate "2015.??.??"]
[WhiteTeam "Iran"]
[BlackTeam "SK Zehlendorf e.V."]
[WhiteTeamCountry "IRI"]

1. e4 e6 2. Nf3 d5 3. Nc3 Nf6 4. e5 Nfd7 5. d4 c5 6. dxc5 Nc6 7. Bf4 Nxc5 8.
Qd2 Be7 9. O-O-O a6 10. h4 b5 11. Qe3 Bd7 12. Kb1 Qb6 13. Bg5 f6 14. exf6 gxf6
15. Bxf6 Rf8 16. Bxe7 Nxe7 17. Bd3 h6 18. Rhf1 b4 19. Ne2 Na4 20. Qxb6 Nxb6 21.
Ned4 Na4 22. Ne5 Rf4 23. Ndf3 Nc5 24. g3 Rf8 25. Nd4 O-O-O 26. Rde1 Kc7 27. h5
Kd6 28. f4 Be8 29. g4 Ng8 30. f5 exf5 31. Nxf5+ Kc7 32. Nd4 Bd7 33. Bf5 Bxf5
34. gxf5 Rde8 35. Ng6 Rxe1+ 36. Rxe1 Rf7 37. a3 bxa3 38. bxa3 Nf6 39. Nf4 Kd6
40. Kc1 Rg7 41. Nde6 Rg4 42. Nxc5 Kxc5 43. Re6 Rxf4 44. Rxf6 a5 45. Rxh6 Rxf5
46. Rh8 Kb5 47. Kb2 d4 48. h6 Rh5 49. h7 Ka4 50. Rd8 Rxh7 51. Rxd4+ Kb5 52.
Rd5+ Kb6 53. Kb3 Rh3+ 54. c3 Rh1 55. a4 Rg1 56. Rd6+ Kc7 57. Rh6 Rg4 58. Ra6
Rg5 59. Ra8 Kb7 60. Rd8 Kb6 61. Kc4 Rg4+ 62. Rd4 Rg6 63. Re4 Rc6+ 64. Kb3 Rh6
65. Re5 Rg6 66. Rb5+ Ka6 67. Rd5 Kb6 68. Kc4 Rg4+ 69. Rd4 Rg6 70. Rd8 Rg4+ 71.
Kb3 Rg6 72. Rb8+ Ka7 73. Rb5 Ka6 74. c4 Rg3+ 75. Kb2 Rg2+ 76. Ka3 Rg3+ 77. Rb3
Rg5 78. Rb8 Rg3+ 79. Kb2 Rg2+ 80. Kc3 Rg3+ 81. Kb2 Rg2+ 82. Ka3 Rg3+ 83. Rb3
Rg5 84. Rb5 Rg3+ 85. Kb2 Rg2+ 86. Kc3 Rg3+ 87. Kd4 Ra3 88. Rh5 Rxa4 89. Rh6+
Kb7 90. Kd5 Ra1 91. Rh7+ Ka6 92. Rh8 Kb7 93. Rh7+ Ka6 94. c5 Rd1+ 95. Kc6 a4
96. Rh8 Ka5 97. Kb7 Rb1+ 98. Kc7 Rc1 99. c6 a3 100. Ra8+ Kb4 101. Kb7 Kb3 102.
c7 a2 103. c8=Q Rxc8 104. Rxa2 Kxa2 105. Kxc8 1/2-1/2

[Event "1.Spand. W-Open 2015"]
[Site "Berlin"]
[Date "2015.12.29"]
[Round "6.6"]
[White "Al Hassan, Jomaa"]
[Black "Ahmadinia, Ebrahim"]
[Result "0-1"]
[WhiteElo "2033"]
[BlackElo "2364"]
[PlyCount "110"]
[EventDate "2015.??.??"]
[WhiteTeam "Syrien"]
[BlackTeam "Iran"]
[WhiteTeamCountry "SYR"]
[BlackTeamCountry "IRI"]

1. c4 e5 2. Nc3 Bb4 3. Nf3 Nc6 4. Nd5 Bc5 5. d3 Nge7 6. g3 d6 7. Bg2 O-O 8. O-O
f6 9. Rb1 a5 10. a3 Nxd5 11. cxd5 Ne7 12. Nd2 a4 13. b4 axb3 14. Qxb3 Qe8 15.
Ne4 Ba7 16. Qc2 Qd8 17. Nc3 c6 18. dxc6 bxc6 19. a4 d5 20. Ba3 Rf7 21. Qa2 Be6
22. Rb7 Nc8 23. Rxf7 Bxf7 24. Qc2 Qb6 25. e3 Qa5 26. Ne2 Be8 27. d4 exd4 28.
exd4 Bb6 29. Ra1 Qxa4 30. Qxa4 Rxa4 31. Bh3 Ne7 32. Rb1 Rxa3 33. Rxb6 f5 34.
Rb8 Kf7 35. Rd8 Rd3 36. f4 g6 37. Kf2 Ng8 38. Bg2 Nf6 39. Bf3 Bd7 40. Rb8 Ke7
41. Rb2 Kd6 42. Rc2 Ne4+ 43. Bxe4 fxe4 44. Rc3 Bg4 45. Rc2 Rf3+ 46. Kg2 Re3 47.
Kf2 Rxe2+ 48. Rxe2 Bxe2 49. Kxe2 c5 50. Ke3 c4 51. g4 c3 52. h3 Kc6 53. Ke2 Kb5
54. Ke3 Kc4 55. f5 Kb3 0-1

[Event "1.Spand. W-Open 2015"]
[Site "Berlin"]
[Date "2015.12.29"]
[Round "4.13"]
[White "Al Hassan, Jomaa"]
[Black "Sulayev, Daniel"]
[Result "1/2-1/2"]
[WhiteElo "2033"]
[BlackElo "1767"]
[PlyCount "59"]
[EventDate "2015.??.??"]
[WhiteTeam "Syrien"]
[BlackTeam "Schachpinguine Berlin e.V."]
[WhiteTeamCountry "SYR"]

1. d4 Nf6 2. c4 c5 3. d5 b5 4. cxb5 a6 5. b6 Qxb6 6. Nc3 g6 7. e4 d6 8. Be2 Bg7
9. Nf3 O-O 10. O-O Bg4 11. Nd2 Bxe2 12. Qxe2 Nbd7 13. Nc4 Qb7 14. Na5 Qc7 15.
Nc6 Nb8 16. Nxb8 Rfxb8 17. a3 Nd7 18. Be3 Qa5 19. Rfc1 Rb3 20. Nd1 Qb5 21. Qxb5
Rxb5 22. Rc2 Rab8 23. Ra2 Rb3 24. Kf1 Nb6 25. Ke2 Na4 26. Bc1 h5 27. h3 Kh7 28.
Rc4 Nb6 29. Rc2 Na4 30. Rc4 1/2-1/2

[Event "1.Spand. W-Open 2015"]
[Site "Berlin"]
[Date "2015.12.12"]
[Round "7.4"]
[White "Bachmann, Volker"]
[Black "Böttcher, Patrick"]
[Result "0-1"]
[WhiteElo "2095"]
[BlackElo "2164"]
[PlyCount "62"]
[EventDate "2015.??.??"]
[WhiteTeam "SC Empor Potsdam 1952 e.V."]
[BlackTeam "SC Zitadelle Spandau 1977 e.V."]

1. d4 Nf6 2. c4 g6 3. Nc3 Bg7 4. e4 d6 5. f4 O-O 6. Nf3 c5 7. d5 e6 8. Be2 exd5
9. cxd5 Bg4 10. O-O Re8 11. h3 Bxf3 12. Bxf3 Nbd7 13. g4 h6 14. Be3 Nh7 15. Qd2
a6 16. a4 Rb8 17. Kg2 b5 18. axb5 axb5 19. Ra6 Rb6 20. Ra7 b4 21. Na4 Rb5 22.
b3 Ra5 23. Rxa5 Qxa5 24. e5 dxe5 25. fxe5 Bxe5 26. d6 Nhf6 27. Bc6 Re6 28. Bxd7
Nxd7 29. Qd5 Bxd6 30. Bxh6 Qb5 31. Qa8+ Kh7 0-1

[Event "1.Spand. W-Open 2015"]
[Site "Berlin"]
[Date "2015.12.29"]
[Round "4.20"]
[White "Baier, Reinhard"]
[Black "Leyrer, Edgar"]
[Result "1-0"]
[WhiteElo "1971"]
[BlackElo "1598"]
[PlyCount "73"]
[EventDate "2015.??.??"]
[WhiteTeam "BSG 1827 Eckbauer e.V."]
[BlackTeam "SV Königsjäger Süd-West e.V."]

1. e4 c5 2. Nf3 Nc6 3. d4 cxd4 4. Nxd4 Nf6 5. f3 e5 6. Nb5 d6 7. c4 Be6 8. N1c3
a6 9. Na3 Be7 10. Be3 O-O 11. Be2 Kh8 12. Qd2 Ng8 13. O-O f5 14. exf5 Bxf5 15.
Rfd1 Nf6 16. Nd5 Nxd5 17. cxd5 Na7 18. Rac1 Qd7 19. Nc4 Bd8 20. Qb4 Nb5 21. a4
a5 22. Qxb5 Qxb5 23. axb5 Be7 24. Bb6 Bd7 25. Nxa5 Bc8 26. b4 h6 27. Bc7 Rf7
28. b6 g6 29. Ra1 Kg7 30. Nc4 Ra6 31. Rxa6 bxa6 32. Bxd6 Bf6 33. Nxe5 Rb7 34.
Nc4 Bd7 35. Bc5 Bb5 36. Kf1 Be7 37. Na5 1-0

[Event "1.Spand. W-Open 2015"]
[Site "Berlin"]
[Date "2015.12.28"]
[Round "3.12"]
[White "Baier, Reinhard"]
[Black "Tiarks, Jann-Christian"]
[Result "0-1"]
[WhiteElo "1971"]
[BlackElo "1836"]
[PlyCount "108"]
[EventDate "2015.??.??"]
[WhiteTeam "BSG 1827 Eckbauer e.V."]
[BlackTeam "SC Empor Potsdam 1952 e.V."]

1. e4 c5 2. Nf3 Nf6 3. Nc3 d5 4. exd5 Nxd5 5. Nxd5 Qxd5 6. Be2 Nc6 7. O-O e5 8.
d3 Be7 9. c3 O-O 10. Qa4 Bf5 11. Rd1 Rfd8 12. Bg5 f6 13. Be3 Kh8 14. Ne1 a6 15.
Bf3 Qd7 16. Bxc6 bxc6 17. d4 cxd4 18. cxd4 e4 19. Rac1 Rdc8 20. Rc2 Be6 21.
Rdc1 Bd5 22. b4 Rcb8 23. a3 Bd6 24. Rc3 f5 25. g3 h6 26. h4 Rg8 27. Qd1 Qf7 28.
Qd2 Rae8 29. Ng2 Qh5 30. Bf4 e3 31. fxe3 Be7 32. Be5 Qg4 33. Qf2 Bd8 34. Kh2
Kh7 35. Qf4 Qh5 36. Rxc6 Bc4 37. Rxa6 Qe2 38. Qf1 Qxf1 39. Rxf1 Bd3 40. Rxf5
Bxa6 41. Rf7 Re7 42. Rxe7 Bxe7 43. Nf4 Bc4 44. h5 Bg5 45. a4 Ra8 46. a5 Be7 47.
d5 Bxb4 48. Bc7 Bxa5 49. Bxa5 Rxa5 50. e4 Ra2+ 51. Kh3 Kg8 52. e5 Kf7 53. Kg4
Ra5 54. e6+ Kf6 0-1

[Event "1.Spand. W-Open 2015"]
[Site "Berlin"]
[Date "2015.12.29"]
[Round "6.17"]
[White "Barisch, Florian"]
[Black "Baier, Reinhard"]
[Result "1/2-1/2"]
[WhiteElo "1902"]
[BlackElo "1971"]
[PlyCount "43"]
[EventDate "2015.??.??"]
[WhiteTeam "SV Alsfeld"]
[BlackTeam "BSG 1827 Eckbauer e.V."]

1. d4 d5 2. Bf4 Nf6 3. e3 e6 4. Nd2 Bd6 5. Bg3 O-O 6. Ngf3 b6 7. Ne5 c5 8. c3
Bb7 9. Bd3 Ne4 10. f3 Nxg3 11. hxg3 h6 12. f4 Bxe5 13. fxe5 Qg5 14. Nf1 f5 15.
Qf3 Nc6 16. Qf4 Kf7 17. Nd2 Rh8 18. Nf3 Qe7 19. Nd2 g5 20. Qf3 g4 21. Qf4 Qg5
22. Ke2 1/2-1/2

[Event "1.Spand. W-Open 2015"]
[Site "Berlin"]
[Date "2015.12.30"]
[Round "7.5"]
[White "Baumgardt, Uwe"]
[Black "Giese, Reinhard"]
[Result "1-0"]
[WhiteElo "2165"]
[BlackElo "2141"]
[PlyCount "95"]
[EventDate "2015.??.??"]
[WhiteTeam "SC Zitadelle Spandau 1977 e.V."]
[BlackTeam "SC Zitadelle Spandau 1977 e.V."]

1. e4 c5 2. Nf3 d6 3. c3 Nf6 4. Be2 g6 5. O-O Bg7 6. Re1 O-O 7. Bf1 e5 8. d4
Nc6 9. d5 Ne7 10. c4 Nh5 11. Nc3 f5 12. exf5 Nxf5 13. Ng5 Nd4 14. Nge4 a6 15.
Bg5 Qc7 16. Be3 Nf4 17. Ne2 Bg4 18. Bxd4 Bxe2 19. Bxe2 exd4 20. Bf1 Rab8 21. g3
Nh5 22. Ng5 Rfe8 23. Ne6 Qa5 24. a4 Qb4 25. Qc2 Nf6 26. Bd3 Re7 27. Re2 Nd7 28.
f4 b5 29. axb5 axb5 30. Ra7 bxc4 31. Bxc4 Rbe8 32. Kf1 Bf6 33. g4 Nb6 34. Rxe7
Rxe7 35. b3 Nd7 36. g5 Bh8 37. Qd3 Qc3 38. Qxc3 dxc3 39. Ra2 Kf7 40. Ke2 Nb6
41. Kd3 Bg7 42. Ra6 Nxc4 43. bxc4 Rd7 44. Ra8 h6 45. h4 hxg5 46. hxg5 Re7 47.
Nd8+ Kf8 48. Nb7+ 1-0

[Event "1.Spand. W-Open 2015"]
[Site "Berlin"]
[Date "2015.12.27"]
[Round "1.11"]
[White "Baumgardt, Uwe"]
[Black "Milare, Tyron"]
[Result "1-0"]
[WhiteElo "2165"]
[BlackElo "1623"]
[PlyCount "75"]
[EventDate "2015.??.??"]
[WhiteTeam "SC Zitadelle Spandau 1977 e.V."]
[BlackTeam "Schachgesellschaft Lasker Stegli"]

1. e4 c5 2. Nf3 d6 3. c3 Nf6 4. Be2 Nc6 5. d3 e5 6. O-O Be7 7. Re1 O-O 8. h3 h6
9. Bf1 Be6 10. d4 cxd4 11. cxd4 exd4 12. Nxd4 Nxd4 13. Qxd4 d5 14. e5 Ne4 15.
Be3 Bc5 16. Qd3 Qb6 17. Nc3 Nxc3 18. bxc3 Bxe3 19. Rxe3 Rac8 20. Rg3 Rfd8 21.
Qd2 Bf5 22. Rd1 a5 23. Qf4 Bg6 24. c4 d4 25. e6 Qxe6 26. Rxd4 Rxd4 27. Qxd4 Qe4
28. Rg4 Qxd4 29. Rxd4 Bb1 30. a3 Ba2 31. f4 Bb1 32. g4 f5 33. Bg2 Rc7 34. Rd8+
Kh7 35. Bd5 Ba2 36. Bg8+ Kh8 37. gxf5 g6 38. f6 1-0

[Event "1.Spand. W-Open 2015"]
[Site "Berlin"]
[Date "2015.12.28"]
[Round "3.11"]
[White "Baumgardt, Uwe"]
[Black "Scheide, Helmut"]
[Result "0-1"]
[WhiteElo "2165"]
[BlackElo "1948"]
[PlyCount "52"]
[EventDate "2015.??.??"]
[WhiteTeam "SC Zitadelle Spandau 1977 e.V."]
[BlackTeam "USV Potsdam e.V., Abt. Schach"]

1. e4 e5 2. Nc3 Nc6 3. g3 Nf6 4. Bg2 Bc5 5. d3 O-O 6. Nge2 Ng4 7. O-O f5 8.
exf5 Rxf5 9. Ne4 Qf8 10. d4 exd4 11. Nf4 Nce5 12. Nd3 Bb6 13. Bf4 d5 14. Bxe5
dxe4 15. Qxg4 exd3 16. Bxd4 dxc2 17. Bxb6 axb6 18. Qc4+ Qf7 19. Qxc2 Rc5 20.
Qd2 Bf5 21. Rac1 c6 22. a3 Re8 23. Qd4 Qb3 24. h3 b5 25. Kh2 h6 26. f4 Re2 0-1

[Event "1.Spand. W-Open 2015"]
[Site "Berlin"]
[Date "2015.12.29"]
[Round "6.14"]
[White "Bielick, Jakob"]
[Black "Hoffmann, Rainer"]
[Result "0-1"]
[WhiteElo "1823"]
[BlackElo "2007"]
[PlyCount "60"]
[EventDate "2015.??.??"]
[WhiteTeam "SV Rochade Potsdam-West e.V."]
[BlackTeam "BSC Rehberge 1945 e.V."]

1. e4 c5 2. d4 cxd4 3. c3 Nf6 4. e5 Nd5 5. Nf3 Nc6 6. cxd4 e6 7. a3 d6 8. Bd3
Be7 9. Qc2 h6 10. Nbd2 O-O 11. Nc4 f5 12. Ne3 Nf4 13. Bc4 d5 14. Ba2 Bd7 15.
O-O Rc8 16. Qd1 Be8 17. Bb1 g5 18. Nc2 Ng6 19. h4 Kg7 20. Qd2 Na5 21. Qe3 f4
22. Qd3 Rh8 23. hxg5 hxg5 24. Nh2 Nh4 25. Bd2 Bg6 26. Bxa5 Qxa5 27. Qd1 Qb6 28.
b4 Rc4 29. g3 fxg3 30. fxg3 Nf5 0-1

[Event "1.Spand. W-Open 2015"]
[Site "Berlin"]
[Date "2015.12.29"]
[Round "4.14"]
[White "Bielick, Jakob"]
[Black "Kötz, Andreas"]
[Result "0-1"]
[WhiteElo "1823"]
[BlackElo "2012"]
[PlyCount "98"]
[EventDate "2015.??.??"]
[WhiteTeam "SV Rochade Potsdam-West e.V."]
[BlackTeam "SC Zitadelle Spandau 1977 e.V."]

1. e4 c5 2. d4 cxd4 3. c3 d3 4. Bxd3 Nc6 5. f4 e6 6. Nf3 Bc5 7. Qe2 d5 8. Nbd2
Nge7 9. e5 O-O 10. Ng5 Nf5 11. g4 f6 12. exf6 Qxf6 13. gxf5 exf5 14. Nb3 Bb6
15. Kd1 Bd7 16. Kc2 a5 17. Qf3 a4 18. Nd2 Kh8 19. Qxd5 Nb4+ 20. cxb4 Bc6 21.
Qxf5 Qxf5 22. Bxf5 Rxf5 23. Rf1 Bb5 24. Rf3 h6 25. Nh3 Be2 26. Rc3 Bd4 27. Rg3
Rc8+ 28. Kb1 a3 29. Rxa3 Bd1 30. Rc3 Bxc3 31. bxc3 Rxc3 32. Nf2 Bc2+ 33. Kb2
Rc7 34. Nb3 Rh5 35. Nd4 Rxh2 36. Be3 Ba4 37. Rc1 Re7 38. Nf5 Rxe3 39. Nxe3
Rxf2+ 40. Ka3 Bc6 41. Rf1 Rh2 42. Ng4 Rg2 43. Ne5 Bd5 44. Ra1 b5 45. f5 Kh7 46.
Ng6 h5 47. Nf4 Rg3+ 48. Kb2 Bf7 49. a3 Rf3 0-1

[Event "1.Spand. W-Open 2015"]
[Site "Berlin"]
[Date "2015.12.29"]
[Round "6.13"]
[White "Bongartz, Florian"]
[Black "Zschäbitz, Klaus"]
[Result "0-1"]
[WhiteElo "1781"]
[BlackElo "2061"]
[PlyCount "90"]
[EventDate "2015.??.??"]
[WhiteTeam "SC Zitadelle Spandau 1977 e.V."]
[BlackTeam "BSG 1827 Eckbauer e.V."]

1. Nc3 d5 2. e4 e6 3. exd5 exd5 4. d4 Bb4 5. Bd3 Nc6 6. Nge2 Nge7 7. O-O Bg4 8.
f3 Bh5 9. Ng3 Bg6 10. Nce2 Qd7 11. c3 Bd6 12. Bf4 O-O-O 13. Bxd6 Qxd6 14. Qd2
Bxd3 15. Qxd3 g6 16. Rfe1 h5 17. Qd2 h4 18. Nh1 f6 19. Nf2 g5 20. Nc1 Ng6 21.
Ncd3 b6 22. Re2 Rde8 23. Rae1 Re7 24. Rxe7 Ncxe7 25. Qe2 Rf8 26. Ng4 Kb7 27.
Qe6 Qxe6 28. Rxe6 Ng8 29. Nge5 N6e7 30. Ng4 Kc8 31. Nb4 Kd7 32. Re2 c6 33. Nd3
Ng6 34. Kf2 N8e7 35. Re1 Nf5 36. Re2 Ng7 37. Kf1 Ne6 38. Ngf2 c5 39. dxc5 bxc5
40. Rxe6 Kxe6 41. Nxc5+ Kd6 42. Nfd3 Ne5 43. Ke2 Nc4 44. b3 Re8+ 45. Kf2 Ne5
0-1

[Event "1.Spand. W-Open 2015"]
[Site "Berlin"]
[Date "2015.12.27"]
[Round "1.19"]
[White "Buttkus, Andre"]
[Black "Fontaine, Constantin"]
[Result "1-0"]
[WhiteElo "2015"]
[BlackElo "1543"]
[PlyCount "43"]
[EventDate "2015.??.??"]
[WhiteTeam "SK Tempelhof 1931 e.V."]
[BlackTeam "SK Tempelhof 1931 e.V."]

1. d4 g6 2. Nf3 Bg7 3. Bf4 c5 4. c3 cxd4 5. cxd4 Nf6 6. Nc3 O-O 7. e3 Qa5 8.
Be2 d6 9. O-O Nc6 10. d5 Nb8 11. a3 Bf5 12. b4 Qd8 13. Nd4 Nxd5 14. Nxd5 e5 15.
Nxf5 gxf5 16. Bg3 f4 17. exf4 exf4 18. Bxf4 Bxa1 19. Qxa1 Nd7 20. Bh6 Ne5 21.
f4 Qh4 22. Bg5 1-0

[Event "1.Spand. W-Open 2015"]
[Site "Berlin"]
[Date "2015.12.29"]
[Round "6.4"]
[White "Buttkus, Andre"]
[Black "Odnorozhenko, Evgenyi"]
[Result "0-1"]
[WhiteElo "2015"]
[BlackElo "2302"]
[PlyCount "98"]
[EventDate "2015.??.??"]
[WhiteTeam "SK Tempelhof 1931 e.V."]
[BlackTeam "Ukraine"]
[BlackTeamCountry "UKR"]

1. d4 e6 2. Nf3 Nf6 3. Bf4 b6 4. h3 Ba6 5. Nbd2 c5 6. e3 Bxf1 7. Nxf1 Be7 8.
N1d2 cxd4 9. exd4 O-O 10. O-O Nc6 11. Nc4 d6 12. Ne3 d5 13. Ng4 Nxg4 14. hxg4
Rc8 15. g5 Bd6 16. Bxd6 Qxd6 17. g3 Qb4 18. Qd3 Na5 19. Rfb1 Nc4 20. c3 Qe7 21.
Kg2 f6 22. Rh1 g6 23. gxf6 Qxf6 24. Rab1 Rc7 25. Rhf1 Rcf7 26. Ng1 Qxf2+ 27.
Rxf2 Rxf2+ 28. Kh3 Rd2 29. Qxd2 Nxd2 30. Re1 Rf6 31. Re2 Ne4 32. Kg2 Ng5 33.
Nh3 Nxh3 34. Kxh3 Kf7 35. g4 h5 36. gxh5 gxh5 37. Kh4 Rf5 38. Rg2 Kf6 39. Re2
Ke7 40. Re5 Rf2 41. Rxh5 Kd6 42. b4 Rxa2 43. Kg4 a5 44. bxa5 bxa5 45. Rh8 a4
46. Kf4 a3 47. Ra8 Ra1 48. Ra6+ Kd7 49. Ke5 a2 0-1

[Event "1.Spand. W-Open 2015"]
[Site "Berlin"]
[Date "2015.12.28"]
[Round "3.8"]
[White "Buttkus, Andre"]
[Black "Riedel, Hartmut"]
[Result "1-0"]
[WhiteElo "2015"]
[BlackElo "2177"]
[PlyCount "37"]
[EventDate "2015.??.??"]
[WhiteTeam "SK Tempelhof 1931 e.V."]
[BlackTeam "SC Zitadelle Spandau 1977 e.V."]

1. d4 Nf6 2. Nf3 g6 3. Bf4 Nh5 4. Be3 Bg7 5. g3 O-O 6. Bg2 d6 7. Qd2 Nc6 8. Bh6
e5 9. Bxg7 Nxg7 10. Nc3 Bg4 11. dxe5 dxe5 12. O-O-O f6 13. Qxd8 Raxd8 14. Rxd8
Rxd8 15. Rd1 Rxd1+ 16. Kxd1 Bc8 17. Nd2 Nd8 18. Nd5 Ne8 19. Ne7+ 1-0

[Event "1.Spand. W-Open 2015"]
[Site "Berlin"]
[Date "2015.12.27"]
[Round "2.12"]
[White "Böttcher, Patrick"]
[Black "Bongartz, Florian"]
[Result "1-0"]
[WhiteElo "2164"]
[BlackElo "1781"]
[PlyCount "51"]
[EventDate "2015.??.??"]
[WhiteTeam "SC Zitadelle Spandau 1977 e.V."]
[BlackTeam "SC Zitadelle Spandau 1977 e.V."]

1. d4 Nf6 2. c4 Nc6 3. Nf3 e6 4. g3 Bb4+ 5. Bd2 Bxd2+ 6. Qxd2 O-O 7. Bg2 Ne4 8.
Qc2 d5 9. O-O f5 10. e3 Bd7 11. Nc3 Be8 12. Ne2 g5 13. Ne5 Nxe5 14. dxe5 c6 15.
Rfd1 Qe7 16. Rac1 Bg6 17. f3 f4 18. Qb3 Nc5 19. Qa3 fxg3 20. hxg3 b6 21. Nd4
Qd7 22. b4 Nb7 23. Qa4 Be8 24. cxd5 b5 25. dxc6 Qd5 26. Qxb5 1-0

[Event "1.Spand. W-Open 2015"]
[Site "Berlin"]
[Date "2015.12.29"]
[Round "6.9"]
[White "Böttcher, Patrick"]
[Black "Hartmann, Jakob"]
[Result "1-0"]
[WhiteElo "2164"]
[BlackElo "1932"]
[PlyCount "65"]
[EventDate "2015.??.??"]
[WhiteTeam "SC Zitadelle Spandau 1977 e.V."]
[BlackTeam "SV Königsjäger Süd-West e.V."]

1. d4 d5 2. c4 c6 3. Nc3 e6 4. e3 f5 5. g4 Nf6 6. gxf5 exf5 7. Qb3 Be7 8. cxd5
Nxd5 9. Nxd5 cxd5 10. Bg2 Be6 11. Ne2 Na6 12. Nf4 Bf7 13. Bxd5 Bxd5 14. Qxd5
Qxd5 15. Nxd5 Nb4 16. Nxb4 Bxb4+ 17. Bd2 Bd6 18. Rc1 Kd7 19. h4 g6 20. Ke2 Rae8
21. Kd3 Re6 22. f3 Rhe8 23. Rce1 Bg3 24. Re2 Bf4 25. Bc1 Bc7 26. e4 Rf8 27. e5
Bb8 28. Bg5 b6 29. Rc2 Rf7 30. h5 h6 31. hxg6 Rxg6 32. Bf4 Rh7 33. e6+ 1-0